Caste question (Record no. 148064)
[ view plain ]
| 000 -LEADER | |
|---|---|
| fixed length control field | 00517nam a2200205Ia 4500 |
| 003 - CONTROL NUMBER IDENTIFIER | |
| control field | OSt |
| 005 - DATE AND TIME OF LATEST TRANSACTION | |
| control field | 20250902112908.0 |
| 008 - FIXED-LENGTH DATA ELEMENTS--GENERAL INFORMATION | |
| fixed length control field | 210210b2011 xxu||||| |||| 00| 0 eng d |
| 020 ## - INTERNATIONAL STANDARD BOOK NUMBER | |
| International Standard Book Number | 8178243210 |
| 040 ## - CATALOGING SOURCE | |
| Transcribing agency | AL |
| 041 ## - LANGUAGE CODE | |
| Language code of text/sound track or separate title | eng |
| 082 ## - DEWEY DECIMAL CLASSIFICATION NUMBER | |
| Classification number | 305.56 RAOC |
| 100 ## - MAIN ENTRY--PERSONAL NAME | |
| Personal name | Anupama Rao |
| 9 (RLIN) | 173655 |
| 245 ## - TITLE STATEMENT | |
| Title | Caste question |
| Remainder of title | : dalits and the politics of modern India |
| 260 ## - PUBLICATION, DISTRIBUTION, ETC. | |
| Place of publication, distribution, etc. | Ranikhet |
| Name of publisher, distributor, etc. | Permanent Black |
| Date of publication, distribution, etc. | 2011 |
| 300 ## - PHYSICAL DESCRIPTION | |
| Extent | xxi,392p |
| 690 ## - LOCAL SUBJECT ADDED ENTRY--TOPICAL TERM (OCLC, RLIN) | |
| Topical term or geographic name as entry element | Social Classes |
| 9 (RLIN) | 173656 |
| 906 ## - LOCAL DATA ELEMENT F, LDF (RLIN) | |
| a | 066520 |
| 942 ## - ADDED ENTRY ELEMENTS (KOHA) | |
| Source of classification or shelving scheme | Dewey Decimal Classification |
| Koha item type | Book |
| Withdrawn status | Lost status | Source of classification or shelving scheme | Damaged status | Not for loan | Collection code | Home library | Current library | Date acquired | Source of acquisition | Cost, normal purchase price | Total Checkouts | Full call number | Barcode | Date last seen | Date last checked out | Price effective from | Koha item type |
|---|---|---|---|---|---|---|---|---|---|---|---|---|---|---|---|---|---|
| Dewey Decimal Classification | Human Rights | St Aloysius Library | St Aloysius Library | 02/17/2021 | Book World Mangalore-3 | 395.00 | 1 | 305.56 RAOC | 066520 | 08/13/2025 | 07/25/2024 | 02/17/2021 | Book |